| 000 | 00511nam a2200169 4500 | ||
|---|---|---|---|
| 001 | 108721 | ||
| 003 | ES-MaACL | ||
| 005 | 20230906184709.0 | ||
| 007 | t| | ||
| 008 | 061121s1942 sp r ||||1| spa d | ||
| 110 | 0 | 0 |
_aMontoliu, Manuel de ( _d1877-1961) _9216291 |
| 245 | 1 | 3 |
_aEl alma de EspaƱa y sus reflejos en la literatura del Siglo de Oro / _cManuel Montoliu. |
| 260 |
_aBarcelona : _bCervantes, _c[1942?] |
||
| 300 |
_a749 p. ; _c22 cm. |
||
| 852 |
_aES-MaACL _jF-13933 _bR.19869 |
||
| 999 |
_c108721 _d108721 |
||